01047nam a2200229 a 4500001001000000003000500010005001700015008004100032010001100073011001100084040000900095100002700104245023200131260004100363500006000404502010300464650004600567650002200613650006600635650004600701856007000747000114710CHAP20220329144454.0180322s2018 mx a fsm |||||||spa d a111171 a112143 cCHAP1 aDíaz Pacheco, Javier10aCausales de procedimientos administrativos en materia aduanera y procedimientos administrativos por contribuciones omitidas ante el despacho aduanero; así como los medios de defensa /h[En línea]cpor Javier Díaz Pacheco. aChapingo, Méx. :bEl autor,c2018. aPara ver el contenido del material haga clic en la liga aTesis (Lic. en Comercio Internacional) -- UACH. División de Ciencias Económico Administrativas14aAduanasxSimplificación administrativa.14aAranceleszMexico14aComercio exteriorxSimplificación administrativazMéxico.14aServicios públicosxControl de calidad. aFinding aiduhttp://10.13.5.2/tesis/sist114710.pdfzTeclea aquí